Sports Quiz

Random Sports or NBA Quiz

Podras nombrar los playoffs de nba Quiz Stats

 Plays Quiz not verified by Sporcle

Score 0/45 Timer 20:00
0 Plays Today
Question Answer Wrong Answers
1. Golden state warriors vs 8. Portland trail blazers Golden State Warriors
100%
Portland Trail Blazers
0%
2. San antonio spurs vs 7. Memphis grizzlies Spurs
100%
Grizzlies
0%
1. Warriors vs 2. Raptors Raptors
83.3%
Warriors
0%
1. Warriors vs 2. Spurs Warriors
83.3%
Spurs :(
0%
1.Raptors vs 4. Cavaliers Cavaliers
83.3%
Raptors
0%
1. Warriors vs 4. Rockets Warriors
83.3%
Rockets
0%
3. Raptors vs 6. Bucks Raptors
83.3%
Bucks
0%
1. Raptors vs 8. Wizards RaPtors
83.3%
Wizards
0%
3. Blazers vs 6. Thunder Blazers
83.3%
Thunder
0%
1. Celtics vs 2. Cavaliers Cavaliers
83.3%
celtics
0%
2. Celtics vs 7. Bucks Cetics
83.3%
Bucks
0%
4. Rockets vs 5. Jazz Rockets
83.3%
Jazz
0%
1. Rockets vs 2. Warriors Warriors
83.3%
Rockets
0%
1. Bucks vs 4. Celtics Bucks
83.3%
Celtics
0%
1.warriors vs 5. Jazz Warriors
83.3%
Jazz
0%
1. Bucks vs 8. Pistons Bucks
83.3%
Pistons
0%
1. Rockets vs 8. Timberwolves Rockets
83.3%
Timberwolves
0%
2. Celtics vs 4. Cavaliers Cavaliers
83.3%
Celtics
0%
2. Raptors vs 3. 76ers Raptors
83.3%
76ers
0%
2. Raptors vs 7. Magic Raptors
83.3%
Magic
0%
2. Warriors vs 7. Spurs Warriors
83.3%
Spurs :(
0%
1. Warriors vs 3. Blazers Warriors
83.3%
Blazers
0%
1. Celtics vs 4. Wizards Celtics
83.3%
Wizards
0%
1. Rockets vs 5. Jazz Rockets
83.3%
Jazz
0%
1. Celtics vs 8. Bulls Celtics
83.3%
Bulls
0%
1. Warriors vs 8. Clippers Warriors
83.3%
Clippers
0%
1. Bucks vs 2. Raptors Raptors
83.3%
Bucks
0%
2. Warriors vs 6. Pelicans Warriors
83.3%
Pelicans
0%
4. Celtics vs 5. Pacers Celtics
83.3%
Pacers
0%
2. Cavaliers vs 7. Pacers Cavaliers
83.3%
Pacers
0%
2. Nuggets vs 7. Spurs Nuggets
83.3%
spurs :(
0%
2. Nuggets vs 3. Blazers Blazers
66.7%
Nuggets
16.7%
1. Warriors vs 2. Cavaliers Warriors
66.7%
Cavaliers
16.7%
3. 76ers vs 6. heat 76ers
66.7%
Heat
16.7%
3. Houston rockets vs 6. Oklahoma city thunder Rockets
66.7%
Thunder
33.3%
4. Cavaliers vs 5. Pacers Cavaliers
66.7%
Pacers
16.7%
4.los angeles clippers vs 5. Utah jazz Jazz
66.7%
Clippers
16.7%
2. Warriors vs 4. Cavaliers Warriors
66.7%
Cavaliers
16.7%
3. 76ers vs 6. Nets 76ers
66.7%
Nets
16.7%
2. Cavaliers vs 3. Raptors Cavaliers
66.7%
Raptors
16.7%
2. Celtics vs 3. 76ers Celtics
50%
76ers
33.3%
4. Wizard vs 5. Hawks Wizards
50%
Hawks
33.3%
2. Spurs vs 3. Rockets Spurs
50%
Rockets
33.3%
4. Thunder vs 5. Jazz Jazz
50%
Thunder
33.3%
3. Blazers vs 6. Pelicans Pelicans
33.3%
Blazers
50%

You're not logged in!

Compare scores with friends on all Sporcle quizzes.
OR
Log In

Sporcle TV

Today on Sporcle TV


Watch our educational content, quiz creation guides, and fun videos on Sporcle TV.

Show Comments

Extras

Created Sep 14, 2019ReportNominate
Tags:NBA Quiz

Top Quizzes Today


Score Distribution

Your Account Isn't Verified!

In order to create a playlist on Sporcle, you need to verify the email address you used during registration. Go to your Sporcle Settings to finish the process.

Report this User

Report this user for behavior that violates our Community Guidelines.

Details: